书目信息 |
| 题名: |
密斯·凡·德·罗建成作品集
|
|
| 作者: | 克罗恩 著 ;梁蕾 译 | |
| 分册: | ||
| 出版信息: | 北京 中国建筑工业出版社 2018.01 |
|
| 页数: | 240页 | |
| 开本: | 29cm | |
| 丛书名: | ||
| 单 册: | ||
| 中图分类: | TU206 | |
| 科图分类: | ||
| 主题词: | 建筑设计--jian zhu she ji--作品集--德国--现代 | |
| 电子资源: | ||
| ISBN: | 978-7-112-21070-1 | |
| 000 | 01122nam0 2200277 450 | |
| 001 | 0100001508 | |
| 005 | 20201005144928.40 | |
| 010 | @a978-7-112-21070-1@dCNY148.00 | |
| 100 | @a20180321d2018 em y0chiy50 ea | |
| 101 | 1 | @achi@cger |
| 102 | @aCN@b110000 | |
| 105 | @aa a 001yy | |
| 200 | 1 | @a密斯·凡·德·罗建成作品集@Ami si · fan · de · luo jian cheng zuo pin ji@f(德) 卡斯滕·克罗恩著@g梁蕾译 |
| 210 | @a北京@c中国建筑工业出版社@d2018.01 | |
| 215 | @a240页@c彩图@d29cm | |
| 306 | @a由瑞士伯克豪斯出版社授权出版 | |
| 312 | @a英文题名取自版权页 | |
| 320 | @a有书目 (第238-239页) 和索引 | |
| 330 | @a本书按时间顺序介绍了密斯设计的80个建筑作品以及一个校园规划, 并对其中30个作品进行了更为详细的分析, 首先介绍建筑当时建造的信息资料, 随后记录了建筑后来进行的改造, 最后将密斯的作品与当代理论相结合进行了分析。 | |
| 510 | 1 | @aMies van Der Rohe the built work@zeng |
| 606 | 0 | @a建筑设计@Ajian zhu she ji@x作品集@y德国@z现代 |
| 690 | @aTU206@v5 | |
| 701 | 1 | @a克罗恩@Ake luo en@g(Krohn, Carsten)@4著 |
| 702 | 0 | @a梁蕾@Aliang lei@4译 |
| 801 | 0 | @aCN@c20180910 |
| 905 | @a河南城建学院图书馆@dTU206@eK6602 | |
| 密斯·凡·德·罗建成作品集/(德) 卡斯滕·克罗恩著/梁蕾译.-北京:中国建筑工业出版社,2018.01 |
| 240页:彩图;29cm |
| ISBN 978-7-112-21070-1:CNY148.00 |
| 本书按时间顺序介绍了密斯设计的80个建筑作品以及一个校园规划, 并对其中30个作品进行了更为详细的分析, 首先介绍建筑当时建造的信息资料, 随后记录了建筑后来进行的改造, 最后将密斯的作品与当代理论相结合进行了分析。 |
| ● |
| 相关链接 |
|
|
|
正题名:密斯·凡·德·罗建成作品集
索取号:TU206/K6602
 
预约/预借
| 序号 | 登录号 | 条形码 | 馆藏地/架位号 | 状态 | 备注 |
| 1 | 1244728 | 212447280 | 建筑库101/101建筑库 41排6列2层/ [索取号:TU206/K660-2] | 在馆 | |
| 2 | 1348775 | 213487751 | 建筑与城市规划学院资料室/ [索取号:TU206/K6602] | 在馆 | |
| 3 | 1400294 | 214002942 | 建筑库101/101建筑库 41排6列2层/ [索取号:TU206/K660-2] | 在馆 |